[Event "Sparkassen-Open J"]
[Site "Heusenstamm, Martinsee"]
[Date "2018.11.24"]
[Round "4.18"]
[White "Hentschker, Merlin"]
[Black "Jelinek, Tim"]
[Result "1/2-1/2"]
[WhiteElo "959"]
[BlackElo "773"]
[PlyCount "245"]
[EventDate "2018.??.??"]
[WhiteTeam "VSG Offenbach"]
[BlackTeam "SC Kahl"]

1. e4 e5 2. Nf3 Nc6 3. Bc4 Nd4 4. Nxe5 Nh6 5. d3 d6 6. Nf3 Nxf3+ 7. Qxf3 Bg4 8.
Bxf7+ Nxf7 9. Qxg4 Ne5 10. Qe6+ Qe7 11. Qd5 O-O-O 12. Nc3 c6 13. Qd4 Kb8 14.
Be3 b6 15. O-O-O Qf6 16. h3 Qe6 17. f4 Nd7 18. f5 Qe5 19. Qa4 c5 20. Qc6 a6 21.
Na4 Qg3 22. Rde1 Qe5 23. Nxb6 Nxb6 24. Qxb6+ Kc8 25. Qxa6+ Kd7 26. Qb7+ Ke8 27.
Bg5 Rd7 28. Qc8+ Kf7 29. Qxd7+ Kg8 30. g3 h6 31. Bf4 Qf6 32. g4 Be7 33. Qe8+
Kh7 34. g5 Qxg5 35. Bxg5 Bxg5+ 36. Kd1 Rxe8 37. h4 Bf4 38. c3 Ra8 39. a3 Rb8
40. b4 cxb4 41. cxb4 Ra8 42. d4 Rxa3 43. e5 Rd3+ 44. Kc2 Rxd4 45. e6 Rc4+ 46.
Kb3 Rc8 47. e7 Re8 48. b5 Bg3 49. Re6 d5 50. b6 d4 51. b7 d3 52. b8=Q Bxb8 53.
Kc4 Kg8 54. Kxd3 Kf7 55. Rb1 h5 56. Rb7 g6 57. Ke4 Bg3 58. Rd7 Bxh4 59. Ke5
Bxe7 60. Rdxe7+ Rxe7 61. fxg6+ Kf8 62. g7+ Rxg7 63. Rh6 Rg5+ 64. Kf6 Rg4 65.
Rxh5 Rf4+ 66. Ke5 Rf7 67. Rh8+ Ke7 68. Rb8 Rf3 69. Rb7+ Kf8 70. Ke4 Rf7 71.
Rb8+ Kg7 72. Rb1 Re7+ 73. Kd5 Rd7+ 74. Ke6 Rf7 75. Rc1 Kf8 76. Rh1 Kg8 77. Rg1+
Rg7 78. Rd1 Rg6+ 79. Kf5 Kh7 80. Rd7+ Kh6 81. Rd1 Rg5+ 82. Kf4 Kg6 83. Rd6+ Kh5
84. Rd7 Kh6 85. Rd6+ Rg6 86. Rd7 Rf6+ 87. Ke5 Ra6 88. Rd5 Rg6 89. Kf4 Kg7 90.
Rd7+ Kh6 91. Kf5 Rg5+ 92. Kf4 Rg6 93. Rd8 Kh7 94. Rd7+ Rg7 95. Rd1 Rf7+ 96. Kg5
Rg7+ 97. Kf6 Kg8 98. Rd8+ Kh7 99. Rd4 Rg6+ 100. Kf5 Kg7 101. Rd7+ Kh6 102. Rd1
Rg5+ 103. Kf4 Kg6 104. Rd6+ Kh5 105. Rd2 Rg4+ 106. Kf3 Kh4 107. Rh2+ Kg5 108.
Rc2 Rf4+ 109. Ke3 Kg4 110. Rg2+ Kf5 111. Rb2 Re4+ 112. Kd3 Ke5 113. Rb5+ Kf4
114. Kd2 Rd4+ 115. Kc3 Ke4 116. Rb6 Rd3+ 117. Kc4 Rd4+ 118. Kc5 Rd5+ 119. Kc6
Ke5 120. Rb8 Rd6+ 121. Kc7 Ke6 122. Rd8 Rxd8 123. Kxd8 1/2-1/2

[Event "Sparkassen-Open J"]
[Site "Heusenstamm, Martinsee"]
[Date "2018.11.24"]
[Round "4.20"]
[White "Spelleken, Mark"]
[Black "Grebe, Sabrina"]
[Result "0-1"]
[WhiteElo "814"]
[BlackElo "901"]
[PlyCount "50"]
[EventDate "2018.??.??"]
[WhiteTeam "SC Kahl"]
[BlackTeam "SC Heusenstamm"]

1. d4 d5 2. Nc3 Nf6 3. g3 e6 4. Bg2 Nc6 5. Bf4 Be7 6. e4 h6 7. e5 Ne4 8. Nxe4
dxe4 9. Ne2 O-O 10. O-O Qd5 11. Nc3 Qa5 12. Nxe4 Rd8 13. c3 Qb6 14. Qg4 Kh7 15.
Nc5 Bxc5 16. dxc5 Qxc5 17. Be4+ Kg8 18. Qh5 Rd7 19. g4 Qc4 20. g5 Qxe4 21. Bg3
b5 22. gxh6 gxh6 23. Qxh6 Bb7 24. Bh4 Nd4 25. Bf6 Qg2# 0-1

[Event "Sparkassen-Open J"]
[Site "Heusenstamm, Martinsee"]
[Date "2018.11.24"]
[Round "4.22"]
[White "Ninnemann, Patrick"]
[Black "Heuberger, Melanie"]
[Result "0-1"]
[WhiteElo "799"]
[BlackElo "774"]
[PlyCount "28"]
[EventDate "2018.??.??"]
[WhiteTeam "Chess Tigers"]
[BlackTeam "SV RÃ¼dersdorf"]

1. e4 e5 2. Nf3 Nc6 3. Bc4 Bc5 4. Nc3 Nf6 5. d3 d6 6. Bg5 Bg4 7. h3 Bxf3 8.
Qxf3 Qd7 9. Bxf6 gxf6 10. O-O O-O-O 11. a3 Nd4 12. Qd1 Nf3+ 13. gxf3 Rdg8+ 14.
Kh1 Qxh3# 0-1

[Event "Sparkassen-Open J"]
[Site "Heusenstamm, Martinsee"]
[Date "2018.11.25"]
[Round "5.1"]
[White "Lorenz, Alexander"]
[Black "Fuchs, Henrik"]
[Result "1-0"]
[WhiteElo "1748"]
[BlackElo "1163"]
[PlyCount "45"]
[EventDate "2018.??.??"]
[WhiteTeam "SV Bergwinkel"]
[BlackTeam "SC Bad Soden"]

1. e4 e5 2. Nf3 Nc6 3. d4 exd4 4. Bc4 Nf6 5. e5 d5 6. Bb5 Ne4 7. Nxd4 Bd7 8.
Nxc6 bxc6 9. Ba6 Bc5 10. O-O Rb8 11. Bd3 Bf5 12. Qf3 Qd7 13. h3 O-O 14. Nc3 Rb4
15. a3 Rb7 16. Bxe4 dxe4 17. Nxe4 Bxe4 18. Qxe4 Qd4 19. Qxc6 Rfb8 20. Be3 Qxb2
21. Qxc5 Rb5 22. Qxc7 Rxe5 23. Bd4 1-0

[Event "Sparkassen-Open J"]
[Site "Heusenstamm, Martinsee"]
[Date "2018.11.25"]
[Round "5.2"]
[White "Schweizer, Michael"]
[Black "Althaus, Lennart"]
[Result "0-1"]
[WhiteElo "1498"]
[BlackElo "1488"]
[PlyCount "126"]
[EventDate "2018.??.??"]
[WhiteTeam "TuS Makkabi"]
[BlackTeam "TV-GroÃŸostheim"]

1. e4 d5 2. exd5 Qxd5 3. Nc3 Qa5 4. g3 Nf6 5. Bg2 c6 6. Nge2 Bg4 7. d3 e6 8.
O-O Bc5 9. Be3 Bxe3 10. fxe3 Qb6 11. Qd2 Bxe2 12. Nxe2 Nd5 13. Bxd5 cxd5 14.
Qc3 Qxe3+ 15. Rf2 O-O 16. Qc7 Qb6 17. Qxb6 axb6 18. Raf1 Rxa2 19. Nd4 Nd7 20.
Nb5 Rxb2 21. Nd6 Nf6 22. g4 h6 23. h4 Rb4 24. g5 Rg4+ 25. Rg2 Rxg2+ 26. Kxg2
hxg5 27. hxg5 Nd7 28. Nxb7 Nc5 29. Nd6 f6 30. g6 Rd8 31. Nf7 Re8 32. Rh1 Kf8
33. Rh8+ Ke7 34. Rh7 Nd7 35. Rxg7 Nf8 36. Nh8+ Kd8 37. Ra7 Nxg6 38. Nf7+ Kc8
39. Nd6+ Kb8 40. Nxe8 Kxa7 41. Nxf6 Kb7 42. Kf3 Kc6 43. Ke3 Kc5 44. Nd7+ Kc6
45. Nb8+ Kc7 46. Na6+ Kb7 47. Nb4 b5 48. Kd4 Kb6 49. c4 Nf4 50. c5+ Ka5 51. Kc3
Ne2+ 52. Kd2 Nf4 53. Ke3 Kxb4 54. d4 Ng6 55. Kf3 Kc4 56. Ke3 b4 57. c6 Ne7 58.
c7 b3 59. Kd2 Kxd4 60. Kc1 Kc3 61. Kb1 b2 62. c8=Q+ Nxc8 63. Ka2 Kc2 0-1

[Event "Sparkassen-Open J"]
[Site "Heusenstamm, Martinsee"]
[Date "2018.11.25"]
[Round "5.3"]
[White "Heuberger, Sandra"]
[Black "Willand, Mattis"]
[Result "1-0"]
[WhiteElo "1055"]
[BlackElo "1312"]
[PlyCount "75"]
[EventDate "2018.??.??"]
[WhiteTeam "SV RÃ¼dersdorf"]
[BlackTeam "SC FK Babenhausen"]

1. d4 d5 2. c4 e6 3. Nc3 Nf6 4. Bg5 Be7 5. e3 O-O 6. Nf3 dxc4 7. Bxc4 b6 8. O-O
Bb7 9. Qc2 c5 10. Rad1 Qc7 11. Nb5 Qc8 12. Rfe1 Nc6 13. a3 a6 14. Nc3 Na5 15.
Be2 Qc6 16. Bf1 Qc7 17. e4 Rfd8 18. e5 Nd5 19. Bxe7 Qxe7 20. Nxd5 Bxd5 21. Be2
Bb3 22. Qc3 Bxd1 23. Rxd1 Nc6 24. h3 Qb7 25. Ng5 h6 26. Ne4 Nxd4 27. Bd3 Nb5
28. Qe1 Rd7 29. Qe3 Rad8 30. a4 c4 31. axb5 Rxd3 32. Rxd3 Rxd3 33. Qf4 Kf8 34.
Nd6 Qe7 35. bxa6 Rd1+ 36. Kh2 Ra1 37. Qxc4 Qf6 38. Qc8+ 1-0

[Event "Sparkassen-Open J"]
[Site "Heusenstamm, Martinsee"]
[Date "2018.11.25"]
[Round "5.4"]
[White "Meng, Yuxuan"]
[Black "Kuchta, Maksim"]
[Result "1-0"]
[WhiteElo "1274"]
[BlackElo "1023"]
[PlyCount "56"]
[EventDate "2018.??.??"]
[WhiteTeam "SV Walldorf"]
[BlackTeam "SC Heusenstamm"]

1. e4 e5 2. Nf3 Nc6 3. d4 exd4 4. Nxd4 Bc5 5. Be3 Qf6 6. c3 Nge7 7. Bc4 O-O 8.
O-O d6 9. Qd3 Qe5 10. Kh1 Qh5 11. Nd2 Ne5 12. Qe2 Qxe2 13. Bxe2 Bd7 14. Rad1
Bg4 15. f3 Bd7 16. Nc4 Nxc4 17. Bxc4 a6 18. Rfe1 Rad8 19. Bg5 Rfe8 20. Nf5 Bxf5
21. exf5 Rd7 22. Re2 Kf8 23. Rde1 f6 24. Bh4 g5 25. fxg6 d5 26. gxh7 Kg7 27.
Bd3 Kh8 28. Re6 Bd6 1-0

[Event "Sparkassen-Open J"]
[Site "Heusenstamm, Martinsee"]
[Date "2018.11.25"]
[Round "5.5"]
[White "Kanno, Clara Yumi"]
[Black "Trenz, Finn"]
[Result "1/2-1/2"]
[WhiteElo "1140"]
[BlackElo "1023"]
[PlyCount "56"]
[EventDate "2018.??.??"]
[WhiteTeam "SK Altenkirchen"]
[BlackTeam "SK Gau-Algesheim"]

1. e4 e5 2. Nf3 Nc6 3. Bc4 Bc5 4. c3 Nf6 5. d3 d6 6. Nbd2 Bg4 7. Nf1 Qc8 8. Bg5
Bxf3 9. Qxf3 Qg4 10. Qxg4 Nxg4 11. Ne3 Nxe3 12. Bxe3 Bb6 13. O-O Na5 14. Bb3
O-O 15. Bd1 f5 16. b4 Nc6 17. Bb3+ Kh8 18. Bxb6 axb6 19. a4 fxe4 20. dxe4 Rf4
21. f3 Rff8 22. Ra2 Ra7 23. Rfa1 Rfa8 24. Kf2 Ne7 25. g3 g5 26. h3 h5 27. Ke3
Kg7 28. Rf1 b5 1/2-1/2

[Event "Sparkassen-Open J"]
[Site "Heusenstamm, Martinsee"]
[Date "2018.11.25"]
[Round "5.7"]
[White "Bangiev, Anton"]
[Black "Yang, Marco"]
[Result "1-0"]
[WhiteElo "1264"]
[BlackElo "1278"]
[PlyCount "111"]
[EventDate "2018.??.??"]
[WhiteTeam "Sz Bemerode"]
[BlackTeam "SK Mannheim-Lindenhof"]

1. d4 Nf6 2. Nf3 d5 3. e3 Bf5 4. Bd3 Be4 5. Nbd2 Bxf3 6. Nxf3 Nbd7 7. O-O e6 8.
b3 Bd6 9. Bb2 O-O 10. Re1 Re8 11. e4 e5 12. dxe5 Nxe5 13. exd5 Nxf3+ 14. Qxf3
Rxe1+ 15. Rxe1 Nxd5 16. Bc4 c6 17. Bxd5 cxd5 18. Rd1 Qe7 19. Qxd5 Re8 20. Bc3
Bb4 21. Bxb4 Qxb4 22. Kf1 Qc3 23. Qd8 Qe1+ 24. Rxe1 Rxd8 25. Re7 Rb8 26. c4 Kf8
27. Rc7 Ke8 28. c5 h5 29. f4 b6 30. c6 Ra8 31. Rb7 Rc8 32. c7 Kd7 33. Rxa7 Rxc7
34. Rxc7+ Kxc7 35. Ke2 Kd6 36. b4 Kd5 37. Kd3 Ke6 38. a4 Kd6 39. a5 bxa5 40.
bxa5 Kc5 41. Ke4 Kb5 42. Ke5 Kxa5 43. Kd6 Kb4 44. Ke7 f6 45. Kf7 g5 46. Kxf6
gxf4 47. Kg5 Kc4 48. Kxf4 h4 49. g4 hxg3 50. hxg3 Kd5 51. Kf5 Kd6 52. Kf6 Kd7
53. Kf7 Kd6 54. g4 Ke5 55. g5 Kf5 56. g6 1-0

[Event "Sparkassen-Open J"]
[Site "Heusenstamm, Martinsee"]
[Date "2018.11.25"]
[Round "5.8"]
[White "Rehbein, Vitus"]
[Black "Hentschker, Josefin"]
[Result "1-0"]
[WhiteElo "1159"]
[BlackElo "1162"]
[PlyCount "109"]
[EventDate "2018.??.??"]
[WhiteTeam "Sz Bemerode"]
[BlackTeam "VSG Offenbach"]

1. e4 e5 2. Nf3 Nc6 3. Bc4 Bc5 4. O-O d6 5. Nc3 Bg4 6. h3 Bh5 7. d3 h6 8. Be3
Nd4 9. Bxd4 Bxd4 10. Rb1 Nf6 11. Nd5 Nxd5 12. Bxd5 c6 13. Bb3 d5 14. c3 Bb6 15.
g4 Bg6 16. Nxe5 Qf6 17. Nxg6 Qxg6 18. Qf3 d4 19. Qf5 Qxf5 20. exf5 dxc3 21.
Rbe1+ Kd7 22. bxc3 Rhf8 23. Re2 Rae8 24. Rfe1 Rd8 25. Re7+ Kc8 26. d4 Ba5 27.
R1e3 Bc7 28. Rxf7 Bf4 29. Ree7 Rxf7 30. Rxf7 Bd2 31. Be6+ Kb8 32. c4 Bc3 33.
Rxg7 Rxd4 34. Rg8+ Kc7 35. Rg7+ Kb6 36. Kg2 Rd2 37. Rh7 Bd4 38. Rxh6 Rxf2+ 39.
Kg3 Rc2 40. f6 Rc3+ 41. Kh4 Bf2+ 42. Kh5 Rxh3+ 43. Kg6 Re3 44. Bg8 Rd3 45. f7
Rd8 46. Kh5 Bd4 47. Re6 Bc5 48. Re8 Kc7 49. g5 b5 50. cxb5 cxb5 51. g6 Rd5+ 52.
Kh6 Rd8 53. Rxd8 Kxd8 54. g7 Be3+ 55. Kg6 1-0

[Event "Sparkassen-Open J"]
[Site "Heusenstamm, Martinsee"]
[Date "2018.11.25"]
[Round "5.9"]
[White "Czinkota, Michael"]
[Black "Keller, Erik"]
[Result "1-0"]
[WhiteElo "1158"]
[BlackElo "1082"]
[PlyCount "75"]
[EventDate "2018.??.??"]
[WhiteTeam "SC Bad Soden"]
[BlackTeam "SC Heusenstamm"]

1. e4 e5 2. Nf3 Nf6 3. Nxe5 d6 4. Nf3 Nxe4 5. Bc4 Bg4 6. O-O Ng5 7. Qe1+ Ne6 8.
Qe4 Bxf3 9. Qxf3 c6 10. b3 d5 11. Bd3 Be7 12. Bb2 O-O 13. Qh5 g6 14. Qf3 Nd7
15. Nc3 Ne5 16. Qg3 Nxd3 17. Qxd3 Bf6 18. f4 Bh8 19. f5 Nc7 20. a4 b6 21. fxg6
hxg6 22. Rf3 c5 23. Raf1 Bxc3 24. dxc3 Ne6 25. Bc1 d4 26. Rh3 dxc3 27. Qe3 Qd4
28. Rf2 Qxe3 29. Rxe3 Rad8 30. Rxc3 Rd1+ 31. Rf1 Rxf1+ 32. Kxf1 Rd8 33. Bb2 Nd4
34. Rh3 Kf8 35. Kf2 Re8 36. b4 Nxc2 37. Bf6 Re2+ 38. Kxe2 1-0

[Event "Sparkassen-Open J"]
[Site "Heusenstamm, Martinsee"]
[Date "2018.11.25"]
[Round "5.10"]
[White "Bauer, Laura Sophie"]
[Black "Bako, Evelin"]
[Result "1-0"]
[WhiteElo "1366"]
[BlackElo "1002"]
[PlyCount "31"]
[EventDate "2018.??.??"]
[WhiteTeam "SC Postbauer-Heng"]
[BlackTeam "TSV Langenau"]

1. e4 e5 2. Nf3 Nf6 3. Nc3 Nc6 4. Bb5 Nd4 5. d3 Bb4 6. Bc4 d6 7. a3 Bc5 8. Bg5
O-O 9. Nd5 Bg4 10. Nxf6+ gxf6 11. Bh6 Re8 12. h3 Be6 13. Nxd4 exd4 14. Bxe6
Rxe6 15. Qg4+ Kh8 16. Qg7# 1-0

[Event "Sparkassen-Open J"]
[Site "Heusenstamm, Martinsee"]
[Date "2018.11.25"]
[Round "5.11"]
[White "Kautz, Christopher"]
[Black "Huang, Luca Hanson"]
[Result "1-0"]
[WhiteElo "958"]
[BlackElo "1141"]
[PlyCount "55"]
[EventDate "2018.??.??"]
[WhiteTeam "SK GrÃ¼ndau"]
[BlackTeam "SK Mannheim-Lindenhof"]

1. e4 e5 2. Nf3 Nc6 3. Bc4 Bc5 4. d3 Nf6 5. c3 d6 6. b4 Bb6 7. a4 a5 8. b5 Ne7
9. Qb3 O-O 10. Ng5 d5 11. exd5 Nexd5 12. Nf3 Re8 13. O-O Bg4 14. Bg5 c6 15.
bxc6 bxc6 16. Nbd2 Bc7 17. Rae1 Rb8 18. Qa2 Rf8 19. Nxe5 Bxe5 20. Rxe5 Nxc3 21.
Qa1 Ne2+ 22. Kh1 Nd4 23. Bxf6 gxf6 24. Re4 Nc2 25. Qc3 Bf5 26. Rf4 Qc7 27. Rxf5
Rb4 28. Qxf6 1-0

[Event "Sparkassen-Open J"]
[Site "Heusenstamm, Martinsee"]
[Date "2018.11.25"]
[Round "5.12"]
[White "Merz, Leander"]
[Black "Vick, Edward"]
[Result "0-1"]
[WhiteElo "1114"]
[BlackElo "994"]
[PlyCount "48"]
[EventDate "2018.??.??"]
[WhiteTeam "Schachforum Darmstadt"]
[BlackTeam "TuS Makkabi Wiesbaden"]

1. e4 d5 2. Nc3 d4 3. Nce2 e5 4. Nf3 Nc6 5. d3 Nf6 6. c3 Bg4 7. h3 Bxf3 8. gxf3
Qd7 9. f4 exf4 10. Bxf4 Bd6 11. Nxd4 Bxf4 12. Nxc6 Qxc6 13. Qe2 O-O-O 14. Rg1
g6 15. e5 Rhe8 16. d4 Qe4 17. Qxe4 Nxe4 18. Rg4 g5 19. Bd3 f5 20. Rg1 c5 21.
Ke2 cxd4 22. cxd4 Rxd4 23. Bc2 Rd2+ 24. Kf3 Rxf2# 0-1

[Event "Sparkassen-Open J"]
[Site "Heusenstamm, Martinsee"]
[Date "2018.11.25"]
[Round "5.13"]
[White "von Knorre, Christoph"]
[Black "Bangiev, Katharina"]
[Result "0-1"]
[WhiteElo "970"]
[BlackElo "1003"]
[PlyCount "140"]
[EventDate "2018.??.??"]
[WhiteTeam "VSG Offenbach"]
[BlackTeam "Sz Bemerode"]

1. e4 d6 2. d4 Nf6 3. Nc3 g6 4. Nf3 Bg7 5. Bg5 O-O 6. Bc4 h6 7. Bf4 Re8 8. O-O
Bg4 9. Be2 Nh5 10. Be3 Nc6 11. Qd2 Kh7 12. h3 Bxf3 13. Bxf3 Nf6 14. Rae1 e5 15.
d5 Ne7 16. Qd3 c6 17. dxc6 Nxc6 18. Rd1 Re6 19. Rfe1 Rc8 20. a3 a6 21. a4 Nb4
22. Qd2 Qd7 23. Bb6 Qc6 24. Ba5 Qc5 25. Bxb4 Qxb4 26. Kf1 Qc4+ 27. Be2 Qc5 28.
Kg1 Rc6 29. Bf3 Rb6 30. Rb1 Rb4 31. Qd3 Rd4 32. Qe2 Rb4 33. Qd3 b5 34. axb5
axb5 35. Be2 Qc4 36. Qe3 Qd4 37. Bxb5 Qxe3 38. Rxe3 d5 39. Bd3 d4 40. Na2 Reb6
41. Nxb4 dxe3 42. c3 exf2+ 43. Kxf2 Bf8 44. Na2 Bc5+ 45. Ke2 Nh5 46. Kf3 Nf4
47. Be2 Nxe2 48. Kxe2 Ba3 49. Nc1 Rxb2+ 50. Rxb2 Bxb2 51. Kd2 Ba3 52. c4 f5 53.
Ke3 Bxc1+ 54. Kd3 Kg7 55. c5 Kf7 56. Kc4 Ke7 57. Kb5 Kd7 58. Kb6 Be3 59. exf5
gxf5 60. g4 f4 61. g5 hxg5 62. Kb7 Bxc5 63. h4 gxh4 64. Ka6 f3 65. Kb5 f2 66.
Ka6 f1=Q+ 67. Kb7 Qb5+ 68. Ka8 Ba7 69. Kxa7 Kc7 70. Ka8 Qb7# 0-1

[Event "Sparkassen-Open J"]
[Site "Heusenstamm, Martinsee"]
[Date "2018.11.25"]
[Round "5.14"]
[White "Grebe, Sabrina"]
[Black "GÃ¤rtner, Johannes"]
[Result "0-1"]
[WhiteElo "901"]
[BlackElo "1077"]
[PlyCount "58"]
[EventDate "2018.??.??"]
[WhiteTeam "SC Heusenstamm"]
[BlackTeam "SF Heidesheim"]

1. e4 e6 2. Nf3 d5 3. exd5 exd5 4. Be2 Bd6 5. O-O Ne7 6. h3 Nbc6 7. Nc3 Be6 8.
d4 Qd7 9. Be3 O-O-O 10. a3 h6 11. b4 Rdf8 12. Bb5 f5 13. Na4 b6 14. c3 f4 15.
Bc1 g5 16. Bb2 g4 17. hxg4 Bxg4 18. c4 dxc4 19. d5 Bh3 20. Nd4 Bxg2 21. Ne6
Rhg8 22. Bg7 Bxd5 23. f3 Qxe6 24. Rf2 Rxg7+ 25. Rg2 Qe3+ 26. Kh1 Rxg2 27. Kxg2
Rg8+ 28. Kh2 Qf2+ 29. Kh1 Qg2# 0-1

[Event "Sparkassen-Open J"]
[Site "Heusenstamm, Martinsee"]
[Date "2018.11.25"]
[Round "5.15"]
[White "Fischer, Juliane"]
[Black "Laux, Filip"]
[Result "1/2-1/2"]
[WhiteElo "874"]
[BlackElo "1053"]
[PlyCount "83"]
[EventDate "2018.??.??"]
[WhiteTeam "SK Gernsheim"]
[BlackTeam "VSG Offenbach"]

1. e4 c6 2. d4 d5 3. exd5 cxd5 4. Bd3 Nc6 5. c3 Nf6 6. Bf4 e6 7. Nf3 Bd6 8.
Bxd6 Qxd6 9. O-O O-O 10. Nbd2 e5 11. dxe5 Nxe5 12. Bc2 Bg4 13. Re1 Bxf3 14.
Nxf3 Nxf3+ 15. Qxf3 Rfe8 16. Rad1 Rxe1+ 17. Rxe1 Rc8 18. Bb3 Qd7 19. Bc2 Re8
20. Rd1 Qb5 21. b4 Qe2 22. Qxe2 Rxe2 23. Bb3 Re5 24. h3 Kf8 25. c4 dxc4 26.
Bxc4 Re4 27. Rc1 Nd7 28. a3 Nb6 29. Bd3 Rd4 30. Bf5 g6 31. Bc8 Rc4 32. Rxc4
Nxc4 33. a4 b6 34. Bd7 Ke7 35. Bb5 Na3 36. Bd3 Kd6 37. Kf1 Kd5 38. Ke2 Kc6 39.
Kd2 b5 40. a5 Nc4+ 41. Kc3 Ne5 42. Be4+ 1/2-1/2

[Event "Sparkassen-Open J"]
[Site "Heusenstamm, Martinsee"]
[Date "2018.11.25"]
[Round "5.16"]
[White "Jelinek, Tim"]
[Black "Pessotschinski, Lars"]
[Result "0-1"]
[WhiteElo "773"]
[BlackElo "1563"]
[PlyCount "108"]
[EventDate "2018.??.??"]
[WhiteTeam "SC Kahl"]
[BlackTeam "TuS Makkabi"]

1. e4 c5 2. d3 d6 3. Be3 g6 4. Nc3 Nf6 5. Nf3 Bg7 6. Qd2 O-O 7. Be2 Re8 8. O-O
Nc6 9. Nd5 Nxd5 10. exd5 Nb4 11. c4 b5 12. Bh6 bxc4 13. dxc4 Bf5 14. Bxg7 Kxg7
15. Qc3+ Kg8 16. h3 e6 17. Rad1 exd5 18. Rfe1 d4 19. Qb3 Bc2 20. Qa3 Bxd1 21.
Bxd1 Rxe1+ 22. Nxe1 Qg5 23. Nf3 Qc1 24. Qb3 Nxa2 25. Ne1 Nb4 26. Qf3 Re8 27.
Kf1 Qxc4+ 28. Be2 Qd5 29. Qg3 Qe5 30. Qf3 Qe4 31. Qxe4 Rxe4 32. Nd3 Nxd3 33.
Bxd3 Re8 34. Bb5 Rb8 35. Bd3 Rxb2 36. g4 a5 37. f3 a4 38. Ke1 a3 39. Bc4 a2 40.
Bxa2 Rxa2 41. Kf1 Kg7 42. h4 Kf6 43. f4 Ke6 44. f5+ Ke5 45. fxg6 fxg6 46. h5
Kf4 47. hxg6 hxg6 48. g5 Kf3 49. Ke1 Ke3 50. Kd1 Rh2 51. Kc1 Kd3 52. Kb1 Kc3
53. Ka1 Kb3 54. Kb1 Rh1# 0-1

[Event "Sparkassen-Open J"]
[Site "Heusenstamm, Martinsee"]
[Date "2018.11.25"]
[Round "5.17"]
[White "Moldenhauer, Nils"]
[Black "Scheerer, Amelie"]
[Result "1-0"]
[WhiteElo "1019"]
[BlackElo "908"]
[PlyCount "35"]
[EventDate "2018.??.??"]
[WhiteTeam "SV Oberursel"]
[BlackTeam "SV Ffm-Griesheim"]

1. e4 e5 2. Nf3 Nc6 3. Bc4 Bc5 4. d3 h6 5. Be3 Bb6 6. Nc3 Nf6 7. O-O d6 8. h3
Be6 9. Bb3 Qe7 10. Ba4 Bd7 11. Nb5 O-O 12. Re1 Ba5 13. Nc3 Be6 14. Bd2 Qd7 15.
Kh2 Bxc3 16. Bxc3 Nh5 17. Nxe5 Nxe5 18. Bxd7 1-0

[Event "Sparkassen-Open J"]
[Site "Heusenstamm, Martinsee"]
[Date "2018.11.25"]
[Round "5.19"]
[White "Gruiosu, Paul Gabriel"]
[Black "Lukes, Alexander"]
[Result "0-1"]
[WhiteElo "793"]
[BlackElo "1021"]
[PlyCount "114"]
[EventDate "2018.??.??"]
[WhiteTeam "SG Trier"]
[BlackTeam "SK MÃ¼nchen SÃ¼dost"]

1. e4 e6 2. Nf3 d5 3. e5 c5 4. c3 Nc6 5. d4 Qb6 6. g3 Nh6 7. Bg2 Nf5 8. Be3
cxd4 9. cxd4 Bb4+ 10. Nc3 O-O 11. O-O f6 12. Re1 Bd7 13. a3 Bxc3 14. bxc3 Rac8
15. Qd2 Na5 16. Rab1 Qa6 17. Bf1 Qc6 18. Rec1 b6 19. Qb2 Nc4 20. Bxc4 Qxc4 21.
Qb4 Qe2 22. Ne1 Rc4 23. Qb2 Qxb2 24. Rxb2 Nxe3 25. fxe3 fxe5 26. dxe5 Ra4 27.
Nc2 Re4 28. Rb4 Rxe5 29. Re1 Re4 30. Rxe4 dxe4 31. Rd1 Ba4 32. Rd2 Bxc2 33.
Rxc2 Rf3 34. Re2 Kf7 35. Rf2 Rxf2 36. Kxf2 Kf6 37. g4 g5 38. Ke2 Ke5 39. Kd2
Kd5 40. Kc2 Kc4 41. h3 a5 42. a4 e5 43. Kd2 Kb3 44. c4 Kxc4 45. Kc2 h6 46. Kd2
Kb3 47. Kc1 Kxa4 48. Kc2 b5 49. Kb2 Kb4 50. Kc2 a4 51. Kb2 Kc4 52. Ka3 Kc3 53.
Ka2 b4 54. Kb1 b3 55. Ka1 a3 56. Kb1 b2 57. Ka2 Kc2 0-1

[Event "Sparkassen-Open J"]
[Site "Heusenstamm, Martinsee"]
[Date "2018.11.25"]
[Round "5.20"]
[White "Heuberger, Melanie"]
[Black "Matsoukas, Konstantinos"]
[Result "0-1"]
[WhiteElo "774"]
[BlackElo "866"]
[PlyCount "64"]
[EventDate "2018.??.??"]
[WhiteTeam "SV RÃ¼dersdorf"]
[BlackTeam "Frankfurter TV"]

1. e4 d5 2. exd5 Qxd5 3. d4 Qd8 4. Bb5+ c6 5. Bc4 c5 6. Bg5 cxd4 7. c3 Nf6 8.
Bb5+ Bd7 9. cxd4 Bxb5 10. Nc3 Qa5 11. Nge2 h6 12. Bxf6 exf6 13. O-O Bb4 14. Nd5
Bd2 15. Qc2 O-O 16. Ng3 Bxf1 17. Nxf1 Nc6 18. Qf5 Nxd4 19. Qd3 Qxd5 20. Qxd2
Rac8 21. Rc1 b6 22. Ne3 Qe4 23. Nc2 Nxc2 24. f3 Qa4 25. b3 Qxa2 26. Qb4 Nxb4
27. Rxc8 Qb1+ 28. Kf2 Nd3+ 29. Kg3 Qe1+ 30. Kg4 Rxc8 31. Kh3 g5 32. f4 Qh4# 0-1

[Event "Sparkassen-Open J"]
[Site "Heusenstamm, Martinsee"]
[Date "2018.11.25"]
[Round "5.22"]
[White "Milman, Sophie"]
[Black "Spelleken, Mark"]
[Result "1-0"]
[WhiteElo "704"]
[BlackElo "814"]
[PlyCount "75"]
[EventDate "2018.??.??"]
[WhiteTeam "SC Heusenstamm"]
[BlackTeam "SC Kahl"]

1. e4 e5 2. Nf3 Nf6 3. Nc3 Bc5 4. Bc4 b6 5. O-O Bb7 6. d3 O-O 7. Bg5 h6 8. Bh4
d6 9. Qd2 Nbd7 10. Rae1 Qe8 11. Bb5 Qc8 12. d4 exd4 13. Nxd4 Ng4 14. h3 Nge5
15. Be7 Re8 16. Bh4 Bb4 17. a3 Bxc3 18. bxc3 Ng6 19. Bg3 Rxe4 20. Nc6 Nc5 21.
Qd5 Re6 22. Rb1 Ne4 23. Rfe1 Nxc3 24. Qb3 Nxb1 25. Qxb1 Rxe1+ 26. Qxe1 Qf5 27.
Nd4 Qc5 28. Qd2 Re8 29. Bxe8 Ba6 30. Nb3 Ne7 31. Nxc5 bxc5 32. Qa5 Bc4 33. Qxa7
Kf8 34. Qb8 f5 35. Qd8 Kg8 36. Qxe7 d5 37. Be5 Kh7 38. Qxg7# 1-0

[Event "Sparkassen-Open J"]
[Site "Heusenstamm, Martinsee"]
[Date "2018.11.25"]
[Round "5.23"]
[White "Culha, Merve"]
[Black "Yang, Sophie"]
[Result "1-0"]
[WhiteElo "812"]
[BlackElo "759"]
[PlyCount "65"]
[EventDate "2018.??.??"]
[WhiteTeam "SC Heusenstamm"]
[BlackTeam "SK Mannheim-Lindenhof"]

1. e4 e6 2. d4 d5 3. Nc3 c5 4. Nf3 Nc6 5. Bb5 Qb6 6. O-O a6 7. Ba4 Nf6 8. e5
Ne4 9. Bf4 Be7 10. a3 O-O 11. Be3 Nxc3 12. bxc3 Bd7 13. Rb1 Qc7 14. dxc5 Bxc5
15. Bxc5 Rfe8 16. Re1 Qa5 17. Bxc6 bxc6 18. Bb4 Qb5 19. Bd6 Qc4 20. Qd2 c5 21.
Qe3 Rec8 22. Nd2 Qa4 23. Bxc5 Qa5 24. Bd6 Qxc3 25. Qxc3 Rxc3 26. Rb2 Rac8 27.
Reb1 Rxc2 28. Rxc2 Rxc2 29. Rb8+ Rc8 30. Rb7 Rc1+ 31. Nf1 Bc6 32. Rb8+ Be8 33.
Rxe8# 1-0

[Event "Sparkassen-Open J"]
[Site "Heusenstamm, Martinsee"]
[Date "2018.11.25"]
[Round "6.2"]
[White "Althaus, Lennart"]
[Black "Meng, Yuxuan"]
[Result "1-0"]
[WhiteElo "1488"]
[BlackElo "1274"]
[PlyCount "77"]
[EventDate "2018.??.??"]
[WhiteTeam "TV-GroÃŸostheim"]
[BlackTeam "SV Walldorf"]

1. c4 e6 2. Nc3 Nf6 3. g3 d5 4. cxd5 exd5 5. Bg2 c6 6. Nf3 Bf5 7. d3 Nbd7 8.
O-O Bd6 9. Re1 Ne5 10. e4 dxe4 11. dxe4 Bg4 12. Bg5 Bxf3 13. Bxf3 Nxf3+ 14.
Qxf3 Be7 15. Rad1 Nd7 16. Bf4 g5 17. Be3 h5 18. Qf5 h4 19. Rd2 Rc8 20. Red1 Rc7
21. Bxa7 Qc8 22. Bd4 f6 23. Qg6+ Kf8 24. Qf5 hxg3 25. fxg3 c5 26. Be3 Ke8 27.
Nd5 Ne5 28. Nxc7+ Qxc7 29. Rd5 b6 30. Rf1 g4 31. Rxe5 fxe5 32. Qxg4 Qc6 33. Bg5
Rg8 34. Qh5+ Kd8 35. Bxe7+ Kxe7 36. Qf7+ Kd8 37. Qxg8+ Kc7 38. Rf7+ Kd6 39.
Qg6# 1-0

[Event "Sparkassen-Open J"]
[Site "Heusenstamm, Martinsee"]
[Date "2018.11.25"]
[Round "6.3"]
[White "Rehbein, Vitus"]
[Black "Heuberger, Sandra"]
[Result "0-1"]
[WhiteElo "1159"]
[BlackElo "1055"]
[PlyCount "100"]
[EventDate "2018.??.??"]
[WhiteTeam "Sz Bemerode"]
[BlackTeam "SV RÃ¼dersdorf"]

1. e4 e5 2. Nf3 Nc6 3. Bc4 Nf6 4. d3 d5 5. O-O dxc4 6. dxc4 Bc5 7. Qxd8+ Nxd8
8. Nc3 O-O 9. Nxe5 Re8 10. Nf3 Nc6 11. Re1 Bd6 12. h3 b6 13. Nb5 Bb7 14. Nxd6
cxd6 15. Bf4 Nxe4 16. c3 Rad8 17. Re3 Ne7 18. Rae1 Nf5 19. R3e2 Re6 20. Ng5
Nxg5 21. Bxg5 Rde8 22. Rxe6 Rxe6 23. Rd1 h6 24. Bf4 g5 25. Bh2 Kh7 26. Kf1 Ba6
27. b3 Rf6 28. Kg1 Bb7 29. g4 Nh4 30. Bxd6 Nf3+ 31. Kf1 Be4 32. a3 Bc2 33. Be7
Re6 34. Rd7 Bxb3 35. c5 Bc4+ 36. Kg2 Nh4+ 37. Kh2 Nf3+ 38. Kg2 Ne5 39. Rxa7
Bd5+ 40. Kf1 Nc6 41. Rd7 Nxe7 42. cxb6 Bc4+ 43. Kg2 Bb5 44. Rc7 Bc6+ 45. Kf1
Nd5 46. Rxf7+ Kg6 47. b7 Bb5+ 48. Kg2 Rb6 49. Rf5 Rxb7 50. Rxd5 Bc6 0-1